| 000 | 00799nam a22002177a 4500 | ||
|---|---|---|---|
| 008 | 161015b xxu||||| |||| 00| 0 eng d | ||
| 020 | _a0-13-030450-6 | ||
| 082 |
_22004 _aDC 616.07 _bH67p |
||
| 100 |
_916270 _aHogan, Mary Ann |
||
| 245 |
_aPathophysiology : _breviews & rationales/ _cMary Ann Hogan, Karen Hill. |
||
| 260 |
_aUpper Saddle River, N.J. : _bPrentice Hall, _c©2004. |
||
| 300 |
_axvii, 588 pages : _billustrations ; _c26 cm. |
||
| 500 | _aIncludes bibliographical references and index | ||
| 650 | 0 |
_916273 _aPhysiology, Pathological -- Outlines, syllabi, etc |
|
| 650 | 0 |
_916274 _aNursing -- Outlines, syllabi, etc |
|
| 650 | 0 |
_916275 _aNursing Assessment -- methods |
|
| 650 | 0 |
_916276 _aPathology |
|
| 700 |
_916277 _aHill, Karen |
||
| 365 |
_b2,000.00 _cPhp |
||
| 942 |
_2ddc _cDC |
||
| 999 |
_c5256 _d5256 |
||